| 000 | 02268nam a2200409 c 4500 | ||
|---|---|---|---|
| 003 | BLK | ||
| 005 | 20231103005156.0 | ||
| 008 | 180408b bul|||||r ||||||| ||bul|| | ||
| 010 | _aKNG00084360000 | ||
| 020 |
_a978-954-585-889-5 _bиздат.: Бард |
||
| 040 | _aBLK | ||
| 041 |
_aBUL _cBUL |
||
| 080 |
_aПроизход на живота. Живот на другите планети. Екзобиология - Абиогенно образуване на първично органическо вещество, възникване на сложни биологични макромолекули и надмолекулни структури, възниква _b573.5 _x _z573.5 |
||
| 080 |
_aРазпространяване на научните знания - популяризиране на науката, занимателна наука, учение за явленията научно необяснени, заблуждения и фалшификации, илюзии и др. п., секретност на научните знания _b001.9 _x _z001.9 |
||
| 100 | 1 |
_aУорд, Питър _eпърви автор _9299400 |
|
| 700 |
_aБожилов, Венцислав Божидаров _cТеодосиев, Стефан, 1968- (псевдоним) _d1968- _9367877 |
||
| 139 |
_aУорд, Питър _bУ 70 |
||
| 245 | 1 | 0 |
_aЖивотът, какъвто не го познаваме _cПитър Уорд; прев. Венцислав Божидаров Божилов. |
| 257 | _aUSA | ||
| 260 |
_аСофия _bБард _c2008 |
||
| 300 |
_a318 с. _bс ил. _c21 см |
||
| 380 | _a5 | ||
| 490 | 1 | _aПоредица Загадки и мистерии | |
| 500 | _aОриг. загл. Life As We Do Not Know It / Peter Ward. | ||
| 650 | 4 |
_aЖивот - произход и развитие _9248266 |
|
| 650 | 4 |
_aКосмология _9159537 |
|
| 650 | 4 |
_aАстробиология _9147756 |
|
| 653 | _aастробиология | ||
| 653 | _aбиологично разнообразие | ||
| 653 | _aкосмология | ||
| 852 | _aЦб 240443 | ||
| 856 | 4 |
_qpdf _u |
|
| 856 | 4 |
_qpdf _u |
|
| 942 |
_cKNG _n0 _011 |
||
| 944 |
_aCR _c12.06.2008 _lCRON CRON _k |
||
| 944 |
_aED _c22.08.2011 _lф / _k |
||
| 999 |
_c79878 _d79878 |
||